000 00669nas a2200229 4500
001 BR7307893
003 BR-BrBNA
005 20231205082634.0
007 ta
008 230509b bl.|||p| |||| 00| 00por d
040 _aBR-BrBNA
_bpor
_cBiblioteca Nacional de Agricultura
041 _a(Pt)
072 _aF00
100 1 _aMaixner, A.E.
245 1 _aO kiri no Rio Grande do Sul [Paulownia fortunei, Brasil]
650 _aPRODUCAO VEGETAL
650 _aKIRI
650 _aRIO GRANDE DO SUL
773 0 _tLavoura Arrozeira (Brazil)
_xISSN 0023-9143
_g(Nov 1974), v. 27(282) p. 52-55
_wBR7307893
909 _a202311
_bLúcia
_c55
_dLúcia Elande
942 _2AGRIS
_n0
_cANA
999 _c93421
_d93421